书目信息 |
| 题名: |
新日本语能力测试N2应用读解指导与实践
|
|
| 作者: | 陈太勇 编著 | |
| 分册: | ||
| 出版信息: | 大连 大连理工大学出版社 2013 |
|
| 页数: | 225页 | |
| 开本: | 26cm | |
| 丛书名: | ||
| 单 册: | ||
| 中图分类: | H360.41 | |
| 科图分类: | ||
| 主题词: | 日语--水平考试--自学参考资料 | |
| 电子资源: | ||
| ISBN: | 978-7-5611-7852-2 | |
| 000 | 00912nam0 2200229 450 | |
| 001 | 338728 | |
| 005 | 20150603101319.79 | |
| 010 | @a978-7-5611-7852-2@dCNY32.00 | |
| 100 | @a20130823d2013 em y0chiy50 ea | |
| 101 | 0 | @achi@ajpn |
| 102 | @aCN@b210000 | |
| 105 | @ay z 000yy | |
| 106 | @ar | |
| 200 | 1 | @a新日本语能力测试N2应用读解指导与实践@Axin ri ben yu neng li ce shi N2 ying yong du jie zhi dao yu shi jian@f陈太勇编著 |
| 210 | @a大连@c大连理工大学出版社@d2013 | |
| 215 | @a225页@d26cm | |
| 330 | @a本书选用了实际生活中人们经常使用的各类文书, 包括广告、招聘启事、通知、说明书、各系表格、海报、告示、公告等, 同时也包括人们社交活动中用到的Business Letter、Email、FAX等通讯文书, 以及各大报社的新闻报道、社论社评、新闻述评等。 | |
| 606 | 0 | @a日语@x水平考试@j自学参考资料 |
| 690 | @aH360.41@v5 | |
| 701 | 0 | @a陈太勇@Achen tai yong@4编著 |
| 801 | 0 | @aCN@b卓展宏图@c20150525 |
| 905 | @dH360.41@e525@f4 | |
| 新日本语能力测试N2应用读解指导与实践/陈太勇编著.-大连:大连理工大学出版社,2013 |
| 225页;26cm |
| ISBN 978-7-5611-7852-2:CNY32.00 |
| 本书选用了实际生活中人们经常使用的各类文书, 包括广告、招聘启事、通知、说明书、各系表格、海报、告示、公告等, 同时也包括人们社交活动中用到的Business Letter、Email、FAX等通讯文书, 以及各大报社的新闻报道、社论社评、新闻述评等。 |
| ● |
| 相关链接 |
|
|
|
|
正题名:新日本语能力测试N2应用读解指导与实践
索取号:H360.41/525
 
预约/预借
| 序号 | 登录号 | 条形码 | 馆藏地/架位号 | 状态 | 备注 |
| 1 | 860287 | 208602877 | 第二样本阅览室/ [索取号:H360.41/525] | 在馆 | |
| 2 | 860288 | 208602886 | 第四借阅区/ [索取号:H360.41/525] | 在馆 | |
| 3 | 860289 | 208602895 | 第四借阅区/ [索取号:H360.41/525] | 在馆 | |
| 4 | 860290 | 208602902 | 第四借阅区/ [索取号:H360.41/525] | 在馆 |